000 00259nam a22001217a 4500
008 180813b xxu||||| |||| 00| 0 eng d
041 _aeng
080 _27 ED
_a004
100 _a35
101 _aSHK
245 _aCOGNITION
_cRADVANSKY.G.A
942 _2udc
_cBK
999 _c47055
_d47055